000 00182 a2200097 4500
001 126824
040 _cEscola Canadense de Niteroi
090 _aMP
245 1 0 _aBingo
942 _cMATP
999 _c126824
_d126824